| 000 | 01763nam a22004217a 4500 | ||
|---|---|---|---|
| 003 | CHAP | ||
| 005 | 20220817042507.0 | ||
| 008 | 971013s1969 ve a r 10010 spa d | ||
| 010 | _a46214 | ||
| 011 | _a47186 | ||
| 035 | _a51328 | ||
| 040 | _cCHAP | ||
| 082 | 0 | 4 |
_a631.522 _bR48 1967 |
| 111 | 2 |
_aReunión Latinoamericana de Fitotecnia ( _n7 : _d1967 : _cMaracay) |
|
| 245 | 1 | _aActas | |
| 260 |
_aCaracas : _b[ALAF], _c1969 |
||
| 300 |
_av. : _bilus. |
||
| 500 | _aLa biblioteca tiene : v.1, v.2 | ||
| 590 |
_aBATCH-UPD _b10 _c20130110 _lUCH01 _h0155 |
||
| 590 |
_aBATCH-UPD _b10 _c20130110 _lUCH01 _h2225 |
||
| 590 |
_aBATCH-UPD _b10 _c20130409 _lUCH01 _h2158 |
||
| 590 |
_aBATCH-UPD _b10 _c20130410 _lUCH01 _h1521 |
||
| 590 |
_aBATCH-UPD _b10 _c20130914 _lUCH01 _h0419 |
||
| 590 |
_aBATCH-UPD _b10 _c20130914 _lUCH01 _h2116 |
||
| 590 |
_aCONVERSION _b10 _c20130109 _lUCH01 _h1325 |
||
| 650 | 1 | 4 |
_aPlantas _xMejoramiento _xCongresos. _988851 |
| 710 | 0 |
_aAsociación Latinoamericana de Fitotecnia. _98029 |
|
| 901 | _aBK | ||
| 942 | _cLIBRO | ||
| 949 |
_a631.522 R48 1967 _bBC _cLIBRO _d33724000086914 _eLIBRO _fv.1 c.4 _h62349 _i51328 _si |
||
| 949 |
_a631.522 R48 1967 _bBC _cLIBRO _d33724000086922 _eLIBRO _fv.1 c.3 _h38398 _i51328 _si |
||
| 949 |
_a631.522 R48 1967 _bBC _cLIBRO _d33724000087060 _eLIBRO _fv.2 c.3 _h5672 _i51328 _si |
||
| 949 |
_a631.522 R48 1967 _bBC _cLIBRO _d33724000087078 _eLIBRO _fv.2 c.2 _h14242 _i51328 _si |
||
| 949 |
_a631.522 R48 1967 _bBC _cLIBRO _d33724000087086 _eLIBRO _fv.2 _h14188 _i51328 _si |
||
| 949 |
_a631.522 R48 1967 _bBC _cLIBRO _d33724000087094 _eLIBRO _fv.1 c.2 _h16632 _i51328 _si |
||
| 949 |
_a631.522 R48 1967 _bBC _cLIBRO _d33724000087102 _eLIBRO _fv.1 _h15130 _i51328 _si |
||
| 949 |
_a631.522 R48 1967 _bBC _cLIBRO _d33724000169983 _eLIBRO _fv.1 c.5 _h90017 _i51328 _si |
||
| 999 |
_c46214 _d46214 |
||